LEADER 01068nam0 22002891i 450 001 UON00488068 005 20231205105319.701 010 $a20-200-4874-4 100 $a20180426d1978 |0itac50 ba 101 $afre 102 $aFR 105 $a|||| ||||| 200 1 $aˆL'‰amour de la langue$fJean-Claude Milner 210 $aParis$cEditions du Seuil$d1978 215 $a132 p.$d19 cm. 410 1$1001UON00488069$12001 $aConnexions du Champ freudien$1210 $aParis$cEditions du Seuil 606 $aLinguistica$3UONC002524$2FI 620 $aFR$dParis$3UONL002984 676 $a410$cLinguistica$v21 700 1$aMILNER$bJean-Claude$3UONV119170$0200631 712 $aÉditions du Seuil$3UONV254259$4650 801 $aIT$bSOL$c20250523$gRICA 899 $aSIBA - SISTEMA BIBLIOTECARIO DI ATENEO$2UONSI 912 $aUON00488068 950 $aSIBA - SISTEMA BIBLIOTECARIO DI ATENEO$dSI FS 06951 $eSI FP 14692 5 996 $aAmour de la langue$91741457 997 $aUNIOR